[Event "New Zealand Seniors Chess Championship 2016"]
[Site "Mt Maunganui NZL"]
[Date "2016.04.23"]
[Round "1.1"]
[White "Marko, Helmut S"]
[Black "Dive, Russell J"]
[Result "0-1"]
[WhiteElo "1993"]
[BlackElo "2452"]
[EventDate "2016.04.23"]
[PlyCount "0"]
[SourceDate ""]

1.Nf3 Nf6 2.g3 d5 3.Bg2 c6 4.O-O h6 5.d3 Bf5 6.b3 e6 7.Bb2 Be7 8.Nbd2 O-O 
9.Nh4 Bh7 10.e4 dxe4 11.dxe4 Nfd7 12.Nhf3 a5 13.Re1 a4 14.a3 axb3 15.cxb3 
Nc5 16.Bf1 Nd3 17.Bxd3 Qxd3 18.Qb1 Rd8 19.Qxd3 Rxd3 20.Re3 Rxe3 21.fxe3 
Nd7 22.a4 Nc5 23.Ba3 Kf8 24.Bxc5 Bxc5 25.Kf2 Ke7 26.Ke2 g5 27.Ne5 Bb4 28.
Rf1 f6 29.Ng4 Rd8 30.Rd1 Bxd2 31.Rxd2 Rxd2+ 32.Kxd2 Bxe4 33.Nf2 Bf3 34.Kc3
Kd6 35.b4 Kd5 36.a5 f5 37.Nd3 Be2 38.Nf2 e5 39.e4+ fxe4 40.Kd2 Bf3 41.Kc3 
e3 42.Nd3 Be2 43.Nc5 Ba6 44.h4 gxh4 45.gxh4 e4 0-1

[Event "New Zealand Seniors Chess Championship 2016"]
[Site "Mt Maunganui NZL"]
[Date "2016.04.23"]
[Round "1.2"]
[White "Smith, Robert W"]
[Black "Lynn, K William"]
[Result "1-0"]
[WhiteElo "2337"]
[BlackElo "1849"]
[EventDate "2016.04.23"]
[PlyCount "0"]
[SourceDate ""]

1.Nf3 Nf6 2.c4 e6 3.d4 c5 4.d5 exd5 5.cxd5 d6 6.Nc3 Be7 7.e4 O-O 8.Be2 b6 
9.O-O Ba6 10.a4 Bxe2 11.Qxe2 Nbd7 12.Nd2 Re8 13.f4 Bf8 14.Qf3 a6 15.b3 Qc7
16.Bb2 Rab8 17.Qd3 Qb7 18.Nf3 b5 19.axb5 axb5 20.e5 dxe5 21.fxe5 c4 22.Qf5
g6 23.Qh3 Nxd5 24.Ng5 h6 25.Nxd5 Qxd5 26.Rad1 Qc5+ 27.Bd4 Qc6 28.Nxf7 Re6 
29.Nxh6+ Bxh6 30.Qxh6 g5 31.Rf6 Nxf6 32.exf6 Qe8 33.Qg7# 1-0

[Event "New Zealand Seniors Chess Championship 2016"]
[Site "Mt Maunganui NZL"]
[Date "2016.04.23"]
[Round "1.3"]
[White "Smith, Vivian J"]
[Black "Morrell, Gordon"]
[Result "1-0"]
[WhiteElo "1835"]
[BlackElo "2181"]
[EventDate "2016.04.23"]
[PlyCount "0"]
[SourceDate ""]

1.e4 c5 2.Nc3 a6 3.a4 Nc6 4.f4 e6 5.Nf3 d5 6.d3 Nf6 7.e5 Nd7 8.g3 g6 9.Bg2
Bg7 10.O-O O-O 11.Bd2 Rb8 12.Ne2 b5 13.axb5 axb5 14.d4 Qb6 15.Be3 c4 16.g4
f6 17.Bf2 f5 18.gxf5 gxf5 19.Kh1 Kh8 20.Rg1 Nd8 21.Bh4 Nf7 22.Bh3 Bh6 23.
Qe1 Bb7 24.Be7 Rg8 25.Qh4 Ra8 26.Bf6+ Bg7 27.Bxg7+ Rxg7 28.Rxa8+ Bxa8 29.
Qe7 Rxg1+ 30.Kxg1 1-0

[Event "New Zealand Seniors Chess Championship 2016"]
[Site "Mt Maunganui NZL"]
[Date "2016.04.23"]
[Round "1.4"]
[White "Cooper, David J"]
[Black "Cooper, Nigel"]
[Result "1/2-1/2"]
[WhiteElo "2106"]
[BlackElo "1764"]
[EventDate "2016.04.23"]
[PlyCount "0"]
[SourceDate ""]

1.d4 d5 2.Nf3 Nf6 3.g3 e6 4.Bg2 c5 5.c3 Bd6 6.O-O O-O 7.Bg5 Nbd7 8.Nbd2 h6
9.Bxf6 Nxf6 10.Qc2 Bd7 11.a4 Qc7 12.dxc5 Bxc5 13.e3 Rac8 14.Qd3 a6 15.Rfc1
Rfd8 16.Qe2 b5 17.b4 Be7 18.a5 Bc6 19.Nd4 Rd6 20.N2b3 Bb7 21.Nc5 Nd7 22.
Nxb7 Qxb7 23.f4 Nf6 24.Rc2 Rc4 25.Rac1 Qc8 26.Qe1 Rd7 27.Bf1 Rcc7 28.Bd3 
Ne4 29.Bxe4 dxe4 30.Qe2 Kh7 31.Qg2 Qb7 32.g4 Qd5 33.Qg3 Rc4 34.h4 Rdc7 35.
g5 h5 36.g6+ fxg6 37.Rg2 g5 38.hxg5 g6 39.Rgc2 Kg7 40.Qh3 Kf7 41.f5 exf5 
42.Nxf5 Bxg5 43.Nd4 Kg7 44.Ne6+ Kh6 45.Nxc7 Rxc7 46.Qg3 Rf7 47.Rf2 Rxf2 
48.Qxf2 Qd3 49.Re1 Qxc3 50.Qf8+ Kh7 51.Qf7+ Kh6 52.Qf8+ Kh7 1/2-1/2

[Event "New Zealand Seniors Chess Championship 2016"]
[Site "Mt Maunganui NZL"]
[Date "2016.04.23"]
[Round "1.5"]
[White "Kerr, Grant"]
[Black "Gibbons, Robert E"]
[Result "1/2-1/2"]
[WhiteElo "1658"]
[BlackElo "2075"]
[EventDate "2016.04.23"]
[PlyCount "0"]
[SourceDate ""]

1.e4 e5 2.f4 Nc6 3.Nf3 d6 4.Bc4 Be7 5.O-O Nf6 6.d3 O-O 7.Nc3 Na5 8.Bb3 
Nxb3 9.axb3 c6 10.Kh1 Qc7 11.fxe5 dxe5 12.Be3 b6 13.Qe1 Nh5 14.Nh4 g6 15.
Bh6 Re8 16.Qf2 Be6 17.Nf3 f6 18.d4 Ng7 19.Qg3 Nh5 20.Qf2 Ng7 21.dxe5 fxe5 
22.Ng5 Bxg5 23.Bxg5 Rf8 24.Qd2 Nh5 25.Rad1 Rxf1+ 26.Rxf1 Rf8 27.Rxf8+ Kxf8
28.Qd8+ Qxd8 29.Bxd8 Kf7 30.Kg1 Bc8 31.Bc7 Ke6 32.Bb8 a6 33.Bc7 b5 34.b4 
Nf6 1/2-1/2

[Event "New Zealand Seniors Chess Championship 2016"]
[Site "Mt Maunganui NZL"]
[Date "2016.04.23"]
[Round "1.6"]
[White "Bennett, Hilton P"]
[Black "Findlay, John"]
[Result "1-0"]
[WhiteElo "2052"]
[BlackElo "1617"]
[EventDate "2016.04.23"]
[PlyCount "0"]
[SourceDate ""]

1.e4 c5 2.Nc3 d6 3.f4 Nc6 4.Nf3 Nf6 5.Bb5 Nd7 6.d3 a6 7.Bxc6 bxc6 8.O-O e6
9.Qe2 Be7 10.Kh1 Rb8 11.b3 d5 12.e5 Nb6 13.Bd2 O-O 14.Nd1 f6 15.c4 f5 16.
Nf2 Bd7 17.Rg1 Be8 18.g4 fxg4 19.Nxg4 Bg6 20.Rad1 Kh8 21.Be3 d4 22.Bc1 Rf5
23.Nf2 Qf8 24.Ne4 Bh5 25.Ng3 Bxf3+ 26.Qxf3 Rf7 27.Qg4 Qc8 28.Ne4 Rb7 29.
Ba3 Qf8 30.Qxe6 Rxf4 31.Qxc6 Rb8 32.Ng3 Nc8 33.Rdf1 g5 34.Bc1 Rxf1 35.Rxf1
Qg7 36.Nf5 Qf7 37.Qc7 Ra8 38.Qb7 Nb6 39.Qxb6 Rf8 40.Qb7 Qg6 41.Qxe7 Rxf5 
42.Rxf5 Qxf5 43.Qd8+ Kg7 44.Qxg5+ 1-0

[Event "New Zealand Seniors Chess Championship 2016"]
[Site "Mt Maunganui NZL"]
[Date "2016.04.23"]
[Round "1.7"]
[White "Corbe, Werner"]
[Black "Jackson, L Ross"]
[Result "0-1"]
[WhiteElo "1229"]
[BlackElo "2027"]
[EventDate "2016.04.23"]
[PlyCount "0"]
[SourceDate ""]

1.e4 c5 2.Nf3 d6 3.Nc3 e6 4.d4 cxd4 5.Nxd4 Nc6 6.Be3 Nge7 7.Bb5 a6 8.Ba4 
b5 9.Bb3 Nxd4 10.Bxd4 Nc6 11.Ne2 Bb7 12.Bc3 b4 13.Bd2 Be7 14.c3 bxc3 15.
Bxc3 O-O 16.O-O Na5 17.Bc2 Nc6 18.Ng3 g6 19.Qg4 Ne5 20.Qh3 Rc8 21.f4 Qb6+ 
22.Kh1 Nc4 23.f5 e5 24.fxg6 hxg6 25.Rf3 Ne3 26.Bb3 Nc4 27.Qg4 Qd8 28.Raf1 
Bg5 29.h4 Bf4 30.Nh5 Bxe4 31.Rxf4 exf4 32.Rxf4 Ne3 33.Bxf7+ Rxf7 34.Qg3 
Rxf4 35.Qxf4 Bxg2+ 36.Kg1 Nf5 37.Nf6+ Kf7 38.Kxg2 Rxc3 39.bxc3 Qxf6 40.
Qc4+ Kg7 41.Kh3 d5 42.Qc7+ Ne7 43.Qg3 Qf5+ 44.Qg4 Nc6 45.Kg3 Qxg4+ 46.Kxg4
Kf6 47.Kf4 Ne7 48.Kg4 Nf5 49.h5 gxh5+ 50.Kxh5 Ne3 51.Kh4 Ke5 52.Kg3 Nd1 
0-1